00287nam a2200109Ia 4500008004100000100002200041245002900063260000900092300003400101440002400135650001800159180117s9999 xx 000 0 und d aby Mervy C Pueblo aArt in the Public Sphere c2016 a14-16 pages, 2016 February 28 aPhilippine Panorama aPUBLIC SPHERE